Hospital office practice (Record no. 76340)
[ view plain ]
| 000 -LEADER | |
|---|---|
| fixed length control field | 01063nam a2200169 a 4500 |
| 008 - FIXED-LENGTH DATA ELEMENTS--GENERAL INFORMATION | |
| fixed length control field | 120416s1981 ||||||||||||||||| || u |
| 050 ## - LIBRARY OF CONGRESS CALL NUMBER | |
| Classification number | R 728 Col |
| 100 ## - MAIN ENTRY--PERSONAL NAME | |
| Personal name | Collin, Marion |
| 245 10 - TITLE STATEMENT | |
| Title | Hospital office practice |
| 260 ## - PUBLICATION, DISTRIBUTION, ETC. | |
| Place of publication, distribution, etc. | London |
| Name of publisher, distributor, etc. | Bailliere Tindall |
| Date of publication, distribution, etc. | 1981 |
| 300 ## - PHYSICAL DESCRIPTION | |
| Extent | viii, 133 pages : illustrations |
| 350 ## - | |
| -- | 0.00 |
| 995 ## - | |
| -- | MAIN LIBRARY OPEN ACCESS |
| -- | 0.00 |
| -- | 705262 |
| -- | CBU-MAIN LIBRARY (Kitwe) |
| -- | 4 |
| -- | 8.95 |
| -- | R 728 Col |
| -- | 4 |
| -- | WEEDED |
| -- | Jul 24, 2017 |
| -- | Mar 28, 2007 |
| -- | 015493 |
| -- | Main Library Open Access Collection |
| 995 ## - | |
| -- | MAIN LIBRARY OPEN ACCESS |
| -- | 0.00 |
| -- | 705265 |
| -- | CBU-MAIN LIBRARY (Kitwe) |
| -- | 1 |
| -- | 8.95 |
| -- | R 728 Col |
| -- | 1 |
| -- | WEEDED |
| -- | Jul 24, 2017 |
| -- | Mar 28, 2007 |
| -- | 015441 |
| -- | Main Library Open Access Collection |
| 995 ## - | |
| -- | MAIN LIBRARY OPEN ACCESS |
| -- | 0.00 |
| -- | 705264 |
| -- | CBU-MAIN LIBRARY (Kitwe) |
| -- | 3 |
| -- | 8.95 |
| -- | R 728 Col |
| -- | 3 |
| -- | WEEDED |
| -- | Jul 24, 2017 |
| -- | Mar 28, 2007 |
| -- | 015442 |
| -- | Main Library Open Access Collection |
| 995 ## - | |
| -- | MAIN LIBRARY OPEN ACCESS |
| -- | 0.00 |
| -- | 705263 |
| -- | CBU-MAIN LIBRARY (Kitwe) |
| -- | 2 |
| -- | 8.95 |
| -- | R 728 Col |
| -- | 2 |
| -- | WEEDED |
| -- | Jul 24, 2017 |
| -- | Mar 28, 2007 |
| -- | 015492 |
| -- | Main Library Open Access Collection |
| 999 ## - | |
| -- | 76340 |
| -- | 76340 |
| Withdrawn status | Lost status | Source of classification or shelving scheme | Damaged status | Not for loan | Permanent Location | Current Location | Shelving location | Date acquired | Total Checkouts | Full call number | Barcode | Date last seen | Copy number | Price effective from | Koha item type |
|---|---|---|---|---|---|---|---|---|---|---|---|---|---|---|---|
| CBU-MAIN LIBRARY, KITWE. | CBU-MAIN LIBRARY, KITWE. | 04/25/2023 | R 728 Col | 015493 | 04/25/2023 | 1 | 04/25/2023 | MONOGRAPH | |||||||
| CBU-MAIN LIBRARY, KITWE. | CBU-MAIN LIBRARY, KITWE. | 04/25/2023 | R 728 Col | 015441 | 04/25/2023 | 2 | 04/25/2023 | MONOGRAPH | |||||||
| CBU-MAIN LIBRARY, KITWE. | CBU-MAIN LIBRARY, KITWE. | 04/25/2023 | R 728 Col | 015442 | 04/25/2023 | 3 | 04/25/2023 | MONOGRAPH | |||||||
| CBU-MAIN LIBRARY, KITWE. | CBU-MAIN LIBRARY, KITWE. | 04/25/2023 | R 728 Col | 015492 | 04/25/2023 | 4 | 04/25/2023 | MONOGRAPH |